Význam plánovania a rozpočtovania pre podnik

Plánovanie a rozpočty zostávajú naďalej dôležitým nástrojom riadenia podniku. Ich význam spočíva v predvídaní a modelovaní očakávanej budúcnosti a hľadaní ciest na napĺňanie zámerov a cieľov tejto budúcnosti. Na skvalitnenie rozpočtovacieho a plánovacieho procesu, ako aj presnejšie modelovanie očaká...

Ausführliche Beschreibung

Gespeichert in:
Bibliographische Detailangaben
1. Verfasser: Tóth, Miroslav, 1961-
Format: Buchkapitel
Sprache:Slowakisch
Schlagworte:
Tags: Tag hinzufügen
Keine Tags, Fügen Sie das erste Tag hinzu!

MARC

LEADER 00000nla$a2200000$$$4500
001 0066705
005 20240502071807.6
041 0 |a slo 
044 |a SK 
245 1 0 |a Význam plánovania a rozpočtovania pre podnik  |c Miroslav Tóth 
520 |a Plánovanie a rozpočty zostávajú naďalej dôležitým nástrojom riadenia podniku. Ich význam spočíva v predvídaní a modelovaní očakávanej budúcnosti a hľadaní ciest na napĺňanie zámerov a cieľov tejto budúcnosti. Na skvalitnenie rozpočtovacieho a plánovacieho procesu, ako aj presnejšie modelovanie očakávanej budúcnosti, sa začína v podnikoch uplatňovať zostavovanie rozpočtov a plánovanie podľa čiastkových činností vykonávaných v podniku - rozpočtovanie podľa čiastkových činností (Activity Based Budgeting) a kalkulácie nákladov podľa čiastkových činností (Activity Based Costing), sú to dva systémy, ktoré spolu súvisia, navzájom sa doplňujú. 
610 2 0 |a plán podnikový 
610 2 0 |a rozpočet podnikový 
610 2 0 |a rozpočtovanie 
610 2 0 |a ciele podnikové 
610 2 0 |a kalkulácia nákladov 
100 1 |a Tóth, Miroslav, 1961-